| 000 | 004600000a22001810004500 | ||
|---|---|---|---|
| 003 | MACL | ||
| 005 | 20151028133254.0 | ||
| 008 | 151028b xxu||||| |||| 00| 0 eng d | ||
| 040 |
_aMACL _cMACL |
||
| 041 | _aEnglish | ||
| 082 | _a300/RAH | ||
| 100 |
_aRahaman, Anisur _917173 |
||
| 245 | _aContesting Homeogeneity In The Gulf Society | ||
| 260 |
_bAcademic Excellence _c2008 _aDelhi |
||
| 350 | _a500 | ||
| 650 |
_aSociology _919 |
||
| 942 |
_cBK _k300/RAH _2ddc |
||
| 999 |
_c44537 _d44537 |
||